• 首页
  • 本馆介绍
  • 公告通知
  • 最新文献
  • 馆藏检索
  • 电子资源
  • 读者导购
  • 参考咨询
  • 我的图书馆
  • 登录
  • 详细信息显示
  • 放入我的书架
  • 预约/预借图书
  • 作者相关作品
  • 分类相关作品
  • 丛书相关作品
  • 出版社相关作品

书目信息

  • 表格格式
  • 工作单格式
  • 卡片格式
题名:
数学物理方法
    
 
作者: 姚端正 , 梁家宝 编著
分册:  
出版信息: 北京   科学出版社  2010.03
页数: 15, 341页
开本: 24cm
丛书名:
单 册:
中图分类: O411.1
科图分类:
主题词: 数学物理方法--shu xue wu li fang fa--高等教育--教材 , 数学物理方法--shu xue wu li fang fa
电子资源:
ISBN: 978-7-03-026492-3
000 00965nam0 2200289 450
001 2031081857
005 20201120090626.83
010    @a978-7-03-026492-3@dCNY45.00
100    @a20100428e20192010em y0chiy50 ea
101 0  @achi@eeng
102    @aCN@b110000
105    @ay z 000yy
106    @ar
200 1  @a数学物理方法@9shu xue wu li fang fa@f姚端正, 梁家宝编著
205    @a3版
210    @a北京@c科学出版社@d2010.03@h2019.01
215    @a15, 341页@d24cm@e1光盘
300    @a普通高等教育“十一五”国家级规划教材国家精品课程配套教材
307    @a附光盘: ISBN 978-7-900254-98-6
330    @a本书包括复变函数论、数学物理方程、特殊函数三篇。
606 0  @a数学物理方法@9shu xue wu li fang fa@x高等教育@j教材
606 0  @a数学物理方法@9shu xue wu li fang fa
690    @aO411.1@v5
701  0 @a姚端正@9yao duan zheng@c(女)@4编著
701  0 @a梁家宝@9liang jia bao@4编著
801  0 @aCN@bBJSZM@c20201119
905    @b1214309-12@dO411.1@e105=3@f4
    
    数学物理方法/姚端正, 梁家宝编著.-3版.-北京:科学出版社,2010.03(2019.01)
    15, 341页;24cm+1光盘
    普通高等教育“十一五”国家级规划教材国家精品课程配套教材
    
    ISBN 978-7-03-026492-3:CNY45.00
    本书包括复变函数论、数学物理方程、特殊函数三篇。
●
相关链接 在E读中查询图书 在五车中查询图书 在当当中查询图书 在豆瓣中查询图书


正题名:数学物理方法     索取号:O411.1/105=3         预约/预借

序号 登录号 条形码 馆藏地/架位号 状态 备注
1 1214309   212143090   第二样本阅览室/ [索取号:O411.1/105=3] 在馆    
2 1214310   212143107   第三借阅区/ [索取号:O411.1/105=3] 在馆    
3 1214311   212143116   第三借阅区/ [索取号:O411.1/105=3] 在馆    
4 1214312   212143125   第三借阅区/ [索取号:O411.1/105=3] 在馆    
唐山师范学院图书馆 欢迎您!
大连网信软件有限公司© 版权所有